000 01511nam a22003134i 4500
999 _c64052
_d64052
001 768714001
003 CO-MdFUSB
005 20190202100153.0
008 170929t20152016ck ||||| |||| 00| 0 spa d
020 _a9789588867175
040 _aCO-MdFUSB
_bspa
_cCO-MdFUSB
_dCO-MdFUSBC
_erda
041 _aspa
082 _223
_a253
_bG939p
100 0 _aGuevara, Alfonso
_eautor
245 1 0 _aPastores de carne y hueso
_b: el perfil de la integridad
_c/ Alfonso Guevara
264 1 _aColombia :
_bCentro de Literatura Cristiana,
_c[2016]
264 _c©2016
300 _a303 páginas :
_c22 cm.
336 _2rdacontent
_atexto
_btxt
337 _2rdamedia
_asin mediación
_bn
338 _2rdacarrier
_avolumen
_bnc
505 _aComunicación -- Aprendiendo del liderazgo de Jesús -- Aprendiendo del liderazgo de Moisés -- Aprendiendo del liderazgo de David -- Las competencias en el liderazgo -- La formación de líderes -- El líder sabe la importancia del trabajo en equipo -- Santidad -- Renovarse, Reciclarse, Refrescarse -- ¿Qué es la iglesia? -- "Yo edificaré la iglesia" -- La iglesia saludable -- Lo que la gente busca en una iglesia relevante -- La iglesia, un caballo de Troya -- El servicio -- ¿Y la familia? Bien, gracias -- Ovejas con pelo, no con lana -- ¿Qué tenían estos hombres que eran únicos?
563 _aRústico
650 7 _9227
_aTeología pastoral
650 0 _919
_aVida cristiana
650 0 _aVida espiritual
_951
650 7 _9227
_aTeología pastoral
942 _cBK